ბათუმის შოთა რუსთაველის სახელმწიფო უნივერსიტეტის ბიბლიოთეკა

ფიქრები საქართველოზე:საქართველოს გადარჩენის გზა წიგნი:2 (ბიბ.ჩანაწერი № 51567)

000 -LEADER
fixed length control field 00846nam a2200217Ia 4500
001 - CONTROL NUMBER
control field 18558
003 - CONTROL NUMBER IDENTIFIER
control field GE_BSU
008 - FIXED-LENGTH DATA ELEMENTS--GENERAL INFORMATION
fixed length control field 181216s||||||||xx |||||||||||||| ||und||
040 ## - CATALOGING SOURCE
Transcribing agency GE_BSU
080 ## - UNIVERSAL DECIMAL CLASSIFICATION NUMBER
Universal Decimal Classification number 821.353.1-11
100 ## - MAIN ENTRY--PERSONAL NAME
Personal name ჯულაყიძე,თეიმურაზ.
245 ## - TITLE STATEMENT
Title ფიქრები საქართველოზე:საქართველოს გადარჩენის გზა წიგნი:2
245 ## - TITLE STATEMENT
Remainder of title ცისავარ:(რვა მოქმედებიანი დრამა)
260 ## - PUBLICATION, DISTRIBUTION, ETC.
Place of publication, distribution, etc. თბილისი
260 ## - PUBLICATION, DISTRIBUTION, ETC.
Name of publisher, distributor, etc. უნივერსალი
260 ## - PUBLICATION, DISTRIBUTION, ETC.
Date of publication, distribution, etc. 2016
300 ## - PHYSICAL DESCRIPTION
Extent 99გვ;ილ;20სმ.
653 ## - INDEX TERM--UNCONTROLLED
Uncontrolled term ფიქრები საქართველოზე
653 ## - INDEX TERM--UNCONTROLLED
Uncontrolled term ქართული ლიტერატურა
942 ## - ADDED ENTRY ELEMENTS (KOHA)
Koha item type წიგნი
ეგზემპლარები
Withdrawn status Lost status Damaged status Not for loan Date acquired Barcode Date last seen Price effective from Koha item type
        2018-12-17 47985 2018-12-17 2018-12-17 წიგნი
        2018-12-17 47986 2018-12-17 2018-12-17 წიგნი